000 00824nas a2200277 4500
001 BR2014001012
003 BR-BrBNA
005 20231205123717.0
007 ta
008 230509b bl.|||p| |||| 00| 00por d
040 _aBR-BrBNA
_bpor
_cBiblioteca Nacional de Agricultura
041 _a(Pt)
072 _aP33
100 1 _aPrevedello,J.
100 1 _aVogelmann, E.S.
100 1 _aKaiser, D.R.
100 1 _aReinert, D.J.
245 1 _aA funcionalidade do sistema poroso do solo em floresta de eucalipto sob argissolo
650 _aSOLO
650 _aCONDUTIVIDADE ELÉTRICA
650 _aEUCALIPTO
650 _aPOROSIDADE
773 0 _tScientia Forestalis (Brazil)
_xISSN 1413-9324
_g(Dec 2013), v. 41(100) p. 557-566
_wBR2014001012
909 _a202311
_bLúcia
_c55
_dLúcia Elande
942 _2AGRIS
_n0
_cANA
999 _c235306
_d235306